| 000 | 00591nam a2200193 i 4500 | ||
|---|---|---|---|
| 001 | 52622 | ||
| 003 | ES-MaACL | ||
| 005 | 20230906162620.0 | ||
| 007 | t| | ||
| 008 | 030901s1931 fr ||||1| fre d | ||
| 100 | 1 |
_aDavy, Georges. _943000 |
|
| 245 | 1 | 0 |
_aSociologues d'hier et d'aujour d'hui / _cGeorges Davy. |
| 260 |
_aParis : _bFélix Alcan, _c1931 ( _fPresses Universitaires) |
||
| 300 |
_a308 p. ; _c23 cm. |
||
| 490 | 1 | _aBibliotheque de philosophie contemporaine | |
| 830 | 0 |
_aBibliotheque de philosophie contemporaine _9181027 |
|
| 852 |
_aES-MaACL _jA-1201 |
||
| 999 |
_c52622 _d52622 |
||